| Tag |
First Indicator |
Second Indicator |
Subfields |
| LEADER |
00000cam a22000001a 4500 |
| 001 |
in00000554530 |
| 005 |
20151014051909.0 |
| 008 |
701012s1968 nyuaf b 00010 engm |
| 010 |
|
|
|a 68021876
|
| 035 |
|
|
|a (OCoLC)00442200
|
| 035 |
|
|
|9 ACJ6653AM
|
| 040 |
|
|
|a DLC
|c DLC
|d m.c.
|d TXA
|d UtOrBLW
|
| 043 |
|
|
|a e-gr---
|
| 049 |
|
|
|a TXAM
|c [A08292129]
|
| 050 |
0 |
0 |
|a CJ393.A33
|b T45
|
| 082 |
0 |
|
|a 737.49/38
|
| 100 |
1 |
|
|a Thompson, Margaret,
|d 1911-
|
| 245 |
1 |
4 |
|a The Agrinion hoard /
|c by Margaret Thompson.
|
| 264 |
|
1 |
|a New York :
|b American Numismatic Society,
|c 1968.
|
| 300 |
|
|
|a v, 130, lvi pages of plates :
|b illustrations ;
|c 23 cm.
|
| 336 |
|
|
|a text
|b txt
|2 rdacontent
|
| 337 |
|
|
|a unmediated
|b n
|2 rdamedia
|
| 338 |
|
|
|a volume
|b nc
|2 rdacarrier
|
| 490 |
1 |
|
|a Numismatic notes & monographs,
|v no. 159
|
| 504 |
|
|
|a Includes bibliographical references.
|
| 650 |
|
0 |
|a Coin hoards
|z Greece
|z Agrinion.
|
| 650 |
|
0 |
|a Coins, Greek.
|
| 710 |
2 |
|
|a American Numismatic Society.
|
| 830 |
|
0 |
|a Numismatic notes & monographs ;
|v no. 159.
|
| 999 |
|
|
|a MARS
|
| 999 |
f |
f |
|s afc0a67d-9a61-30db-a042-5ab5ad7b8583
|i 4d13bfb2-5152-344f-8ac0-1f350c6d4c48
|t 0
|
| 952 |
f |
f |
|p ric
|a Texas A&M University
|b Rellis Campus
|c Joint Library Facility
|d Remote Storage
|t 0
|e CJ393.A33 T45
|h Library of Congress classification
|i unmediated -- volume
|m A14808292129
|
| 952 |
f |
f |
|p noncirc
|a Texas A&M University
|b College Station
|c Sterling C. Evans Library
|d Bodrum (located in Turkey)
|t 0
|e CJ393.A33 T45
|h Library of Congress classification
|i unmediated -- volume
|
| 998 |
f |
f |
|a CJ393.A33 T45
|t 0
|l Bodrum (located in Turkey)
|
| 998 |
f |
f |
|a CJ393.A33 T45
|t 0
|l Remote Storage
|